Queen Esther : (Record no. 413221)
[ view plain ]
| 000 -LEADER | |
|---|---|
| fixed length control field | 02273nam a2200469 i 4500 |
| 001 - CONTROL NUMBER | |
| control field | 1499350518 |
| 003 - CONTROL NUMBER IDENTIFIER | |
| control field | Ingram |
| 005 - DATE AND TIME OF LATEST TRANSACTION | |
| control field | 20251103172326.0 |
| 007 - PHYSICAL DESCRIPTION FIXED FIELD--GENERAL INFORMATION | |
| fixed length control field | t| |
| 008 - FIXED-LENGTH DATA ELEMENTS--GENERAL INFORMATION | |
| fixed length control field | 251031s2025 nyu e 000 1 eng d |
| 020 ## - INTERNATIONAL STANDARD BOOK NUMBER | |
| International Standard Book Number | 9781501189449 |
| Qualifying information | hardcover |
| 020 ## - INTERNATIONAL STANDARD BOOK NUMBER | |
| International Standard Book Number | 1501189441 |
| Terms of availability | $30.00 |
| 035 ## - SYSTEM CONTROL NUMBER | |
| System control number | (OCoLC)1499350518 |
| 035 90 - SYSTEM CONTROL NUMBER | |
| System control number | (OCoLC)1546234145 |
| 040 ## - CATALOGING SOURCE | |
| Original cataloging agency | TnLvILS |
| Language of cataloging | eng |
| Description conventions | rda |
| Transcribing agency | TnLvILS |
| 043 ## - GEOGRAPHIC AREA CODE | |
| Geographic area code | an-us-nh |
| -- | e-au--- |
| -- | a-is--- |
| 082 00 - DEWEY DECIMAL CLASSIFICATION NUMBER | |
| Classification number | 813.54 |
| 092 ## - LOCALLY ASSIGNED DEWEY CALL NUMBER (OCLC) | |
| Classification number | fiction |
| Item number | Irving, John |
| 100 1# - MAIN ENTRY--PERSONAL NAME | |
| Personal name | Irving, John, |
| Dates associated with a name | 1942- |
| Relator term | author. |
| Relator code | aut. |
| 9 (RLIN) | 10411 |
| 245 10 - TITLE STATEMENT | |
| Title | Queen Esther : |
| Remainder of title | a novel / |
| Statement of responsibility, etc | John Irving. |
| 250 ## - EDITION STATEMENT | |
| Edition statement | First Simon & Schuster hardcover edition. |
| 264 #1 - Production, Publication, Distribution, Manufacture, and Copyright Notice. | |
| Place of production, publication, distribution, manufacture | New York : |
| Name of producer, publisher, distributor, manufacturer | Simon & Schuster, |
| Date of production, publication, distribution, manufacture, or copyr | 2025. |
| 300 ## - PHYSICAL DESCRIPTION | |
| Extent | 432 pages ; |
| Dimensions | 24 cm. |
| 336 ## - Content Type | |
| Content type term | text |
| 337 ## - Media type | |
| Media type term | unmediated |
| 338 ## - Carrier type | |
| Carrier type term | volume |
| 520 ## - SUMMARY, ETC. | |
| Summary, etc | "Esther Nacht is born in Vienna in 1905. Her father dies on board the ship to Portland, Maine; her mother is murdered by anti-Semites in Portland. Dr. Larch knows it won't be easy to find a Jewish family to adopt Esther; in fact, he won't find any family who'll adopt her. When Esther is fourteen, soon to be a ward of the state, Dr. Larch meets the Winslows, a philanthropic New England family with a history of providing foster care for unadopted orphans. The Winslows aren't Jewish, but they despise anti-Semitism. Esther's gratitude for the Winslows is unending; even as she retraces her roots back to Vienna, she never stops loving and protecting the Winslows. In the final chapter, set in Jerusalem in 1981, Esther Nacht is seventy-six"-- |
| 650 #0 - SUBJECT ADDED ENTRY--TOPICAL TERM | |
| Topical term or geographic name as entry element | Physicians |
| Form subdivision | Fiction. |
| 9 (RLIN) | 5679983 |
| 650 #0 - SUBJECT ADDED ENTRY--TOPICAL TERM | |
| Topical term or geographic name as entry element | Orphanages |
| Form subdivision | Fiction. |
| 9 (RLIN) | 5690918 |
| 650 #0 - SUBJECT ADDED ENTRY--TOPICAL TERM | |
| Topical term or geographic name as entry element | Jewish children |
| Form subdivision | Fiction. |
| 9 (RLIN) | 5791668 |
| 650 #0 - SUBJECT ADDED ENTRY--TOPICAL TERM | |
| Topical term or geographic name as entry element | Jewish women |
| Form subdivision | Fiction. |
| 9 (RLIN) | 5701892 |
| 650 #0 - SUBJECT ADDED ENTRY--TOPICAL TERM | |
| Topical term or geographic name as entry element | Antisemitism |
| Form subdivision | Fiction. |
| 9 (RLIN) | 5734569 |
| 650 #0 - SUBJECT ADDED ENTRY--TOPICAL TERM | |
| Topical term or geographic name as entry element | Adopted children |
| Form subdivision | Fiction. |
| 9 (RLIN) | 5694279 |
| 650 #0 - SUBJECT ADDED ENTRY--TOPICAL TERM | |
| Topical term or geographic name as entry element | Identity (Psychology) |
| Form subdivision | Fiction. |
| 9 (RLIN) | 5675471 |
| 651 #0 - SUBJECT ADDED ENTRY--GEOGRAPHIC NAME | |
| Geographic name | New Hampshire |
| Form subdivision | Fiction. |
| 9 (RLIN) | 5706955 |
| 651 #0 - SUBJECT ADDED ENTRY--GEOGRAPHIC NAME | |
| Geographic name | Vienna (Austria) |
| Form subdivision | Fiction. |
| 9 (RLIN) | 5748297 |
| 651 #0 - SUBJECT ADDED ENTRY--GEOGRAPHIC NAME | |
| Geographic name | Israel |
| Form subdivision | Fiction. |
| 9 (RLIN) | 5766209 |
| 655 #7 - INDEX TERM--GENRE/FORM | |
| Genre/form data or focus term | Historical fiction. |
| Source of term | lcgft. |
| 655 #7 - INDEX TERM--GENRE/FORM | |
| Genre/form data or focus term | Bildungsromans. |
| Source of term | lcgft. |
| 9 (RLIN) | 102642 |
| 655 #7 - INDEX TERM--GENRE/FORM | |
| Genre/form data or focus term | Novels. |
| Source of term | lcgft. |
| 942 ## - ADDED ENTRY ELEMENTS (KOHA) | |
| Source of classification or shelving scheme | Dewey Decimal Classification |
| Koha item type | BOOK |
| Withdrawn status | Lost status | Source of classification or shelving scheme | Damaged status | Not for loan | Collection code | Home library | Current library | Shelving location | Date acquired | Source of acquisition | Total Checkouts | Total Renewals | Full call number | Barcode | Checked out | Date last seen | Date checked out | Cost, replacement price | Price effective from | Koha item type |
|---|---|---|---|---|---|---|---|---|---|---|---|---|---|---|---|---|---|---|---|---|
| Dewey Decimal Classification | Fiction | Wasatch County Library | Wasatch County Library | First Floor | 11/04/2025 | Ingram | 4 | 4 | F Irving | 34301002104802 | 03/23/2026 | 01/24/2026 | 01/24/2026 | 30.00 | 11/04/2025 | BOOK |
